[Event "Politiken Cup"]
[Site "Helsingor DEN"]
[Date "2009.07.26"]
[Round "10"]
[White "Flermoen,P"]
[Black "Tadjerbashi,A"]
[Result "1-0"]
[WhiteElo "2027"]
[BlackElo "2193"]
[EventDate "2009.07.18"]

1. e4 e5 2. Nf3 Nc6 3. Bc4 Bc5 4. d3 Nf6 5. Nc3 d6 6. Bg5 Bb4 7. Bb3 Bg4 8.
h3 Be6 9. O-O Bxc3 10. bxc3 Bxb3 11. cxb3 h6 12. Bxf6 Qxf6 13. Nh2 h5 14.
Qf3 Qe7 15. Rfe1 O-O-O 16. Nf1 Kb8 17. Ne3 Rdf8 18. b4 Qd7 19. a4 Ne7 20.
a5 Rh6 21. c4 Nc6 22. Nf5 Rh7 23. b5 Nd8 24. b6 cxb6 25. axb6 a6 26. Qg3 g6
27. Ne3 h4 28. Qg5 Ne6 29. Qf6 Qd8 30. Nd5 Rhh8 31. Qf3 f5 32. Qd1 Qd7 33.
Qd2 Nc5 34. Ra3 f4 35. f3 g5 36. Rf1 Rh7 37. d4 exd4 38. Qxd4 Rhf7 39. e5
Ne6 40. Qe4 Nc5 41. Qd4 Ne6 42. Qc3 Rf5 43. exd6 Qxd6 44. Re1 Nd8 45. Kh1
Nc6 46. Raa1 R5f7 47. Rad1 Qg6 48. Nb4 Rf6 49. c5 Nxb4 50. Qxb4 Re8 51. Qd4
Rc6 52. Qd7 Rxe1+ 53. Rxe1 Rc8 1-0

[Event "Politiken Cup"]
[Site "Helsingor DEN"]
[Date "2009.07.26"]
[Round "10"]
[White "Pedersen,NicK"]
[Black "Laursen,N1"]
[Result "1/2-1/2"]
[WhiteElo "2014"]
[BlackElo "2191"]
[EventDate "2009.07.18"]

1. d4 Nf6 2. c4 g6 3. Nf3 Bg7 4. Nc3 O-O 5. e4 d6 6. Be2 e5 7. O-O Na6 8.
Re1 c6 9. d5 Ne8 10. Rb1 c5 11. a3 Kh8 12. b4 f5 13. Na4 b6 14. bxc5 Nxc5
15. Nxc5 bxc5 16. Bd3 f4 17. h3 Rf7 18. Re2 g5 19. Nh2 Nf6 20. Reb2 Bd7 21.
Bd2 h5 22. f3 Bf8 23. Be2 Rg7 24. Rb7 g4 25. hxg4 hxg4 26. Nxg4 Bxg4 27.
Rxg7 Bxg7 28. fxg4 Nxe4 29. Bd3 Ng3 30. Be1 Qh4 31. Bxg3 fxg3 32. Qf3 Rf8
33. Bf5 e4 34. Qxe4 Bd4+ 35. Kf1 Qg5 36. Ke2 Be5 37. Rh1+ Kg7 38. Rh7+ Kf6
39. Rh5 Qc1 40. g5+ Ke7 41. Rh7+ Ke8 42. Rb7 Qxa3 43. Bd7+ Kd8 44. Rb8+ Ke7
45. Qh7+ Bg7 46. Rxf8 Kxf8 47. Qf5+ 1/2-1/2

[Event "Politiken Cup"]
[Site "Helsingor DEN"]
[Date "2009.07.26"]
[Round "10"]
[White "Kristinsson,Bj"]
[Black "Kaaber,J"]
[Result "1-0"]
[WhiteElo "1985"]
[BlackElo "2184"]
[EventDate "2009.07.18"]

1. e4 c5 2. Nf3 d6 3. d4 cxd4 4. Nxd4 Nf6 5. Nc3 a6 6. Bg5 e6 7. f4 Nbd7 8.
Qf3 Qc7 9. O-O-O b5 10. Bd3 Bb7 11. Rhe1 b4 12. Nd5 exd5 13. exd5+ Kd8 14.
Nc6+ Bxc6 15. dxc6 Nc5 16. Bc4 Ne6 17. Bh4 Kc8 18. Qe2 Nc5 19. Qe8+ Qd8 20.
Qxf7 Qc7 21. Re8+ 1-0

[Event "Politiken Cup"]
[Site "Helsingor DEN"]
[Date "2009.07.26"]
[Round "10"]
[White "Seegert,K"]
[Black "Christensen,Bo"]
[Result "1/2-1/2"]
[WhiteElo "2103"]
[BlackElo "2277"]
[EventDate "2009.07.18"]

1. e4 e5 2. Nf3 Nc6 3. d4 exd4 4. Bc4 Nf6 5. O-O d6 6. Nxd4 Ne5 7. Bb3 Be7
8. f4 Neg4 9. h3 h5 10. Nc3 c6 11. Qd3 Qb6 12. Na4 Qc7 13. c4 Bd7 14. Nc3
O-O-O 15. hxg4 hxg4 16. Nde2 Qa5 17. Ng3 Nh5 18. Nce2 d5 19. cxd5 cxd5 20.
Bxd5 Bb5 21. Qb3 Kb8 22. Be3 Qa6 23. Rfe1 Bh4 24. Bf2 Bxe2 25. Nxe2 Nf6 26.
Ng3 Rh6 27. Rad1 Rdh8 28. Bxb7 Qxb7 29. Qxb7+ Kxb7 30. Nf5 g3 31. Bxg3 Bxg3
32. Nxg3 Rg6 33. Rd3 Rc8 34. Rb3+ Ka8 35. Nf5 Rc2 36. Ne3 Rd2 37. Rd1
Rgxg2+ 38. Nxg2 Rxd1+ 39. Kh2 Nxe4 40. Rb4 Nf2 41. Kg3 Nd3 42. Re4 Nxb2 43.
Re8+ Kb7 44. Re7+ Kb6 45. Rxf7 Rd3+ 46. Kg4 Nc4 47. Rxg7 Rd2 48. Nh4 Rxa2
49. f5 Rf2 50. Kg5 a5 51. f6 Nd6 52. Re7 a4 53. Re3 Ka5 54. Nf3 Kb4 55. Ne1
Kc4 56. Kg6 Rf1 57. Re6 Kd5 58. Re3 Nc4 59. Re2 a3 60. Kg7 Rg1+ 61. Kf8 a2
62. Rxa2 Rxe1 63. Rf2 Ke6 64. Kg7 Rg1+ 65. Kf8 Kd7 66. f7 Ne5 67. Rf6 Rg2
68. Ra6 Rf2 69. Ra7+ Kc8 70. Kg7 Nxf7 1/2-1/2

[Event "Politiken Cup"]
[Site "Helsingor DEN"]
[Date "2009.07.26"]
[Round "10"]
[White "Agrest,S"]
[Black "Bratholm,P"]
[Result "1-0"]
[WhiteElo "2260"]
[BlackElo "2098"]
[EventDate "2009.07.18"]

1. e4 e6 2. d3 d5 3. Nd2 Nf6 4. Ngf3 c5 5. g3 b6 6. Bg2 Bb7 7. Qe2 Nc6 8.
O-O Qc7 9. c3 Be7 10. Re1 O-O 11. e5 Nd7 12. Nf1 Rfe8 13. Bf4 Nf8 14. h4
Ng6 15. Bg5 Bxg5 16. hxg5 Kf8 17. N1h2 Ke7 18. Ng4 Kd7 19. Qd2 Nce7 20. b4
Nf5 21. a4 cxb4 22. cxb4 Rac8 23. Rac1 Qb8 24. d4 Rxc1 25. Rxc1 Rc8 26. Bf1
Rxc1 27. Qxc1 Qc7 28. Qxc7+ Kxc7 29. Bd3 Nfe7 30. b5 Bc8 31. Kf1 Bd7 32.
Ke2 a5 33. Ne3 Ng8 34. Ng4 N8e7 35. Nd2 Nf5 36. Nb3 Nge7 37. Nh2 Ng6 38.
Nf1 Bc8 39. f4 Bd7 40. Kf3 Nf8 41. g4 Ne7 42. Ne3 g6 43. Nc1 Ng8 44. Ne2 h6
45. gxh6 Nxh6 46. Nc3 Kb7 47. Kg3 Ng8 48. f5 Ne7 49. f6 Nc8 50. Kh4 Nh7 51.
Ng2 Be8 52. Ne1 Kc7 53. Nf3 Kd7 54. Ng5 Nf8 55. Ne2 Na7 56. Nf4 Nc8 57.
Bxg6 Nxg6+ 58. Nxg6 fxg6 59. f7 Bxf7 60. Nxf7 Ke7 61. Nh8 Na7 62. Nxg6+ Kf7
63. Nf4 Nc8 64. Kg5 Na7 65. Kh6 Kg8 66. Kg6 1-0

[Event "Politiken Cup"]
[Site "Helsingor DEN"]
[Date "2009.07.26"]
[Round "10"]
[White "Ottosen,P"]
[Black "Ask,J"]
[Result "1-0"]
[WhiteElo "2087"]
[BlackElo "2191"]
[EventDate "2009.07.18"]

1. d4 Nf6 2. c4 g6 3. Nc3 Bg7 4. Nf3 O-O 5. e3 d6 6. Bd3 c5 7. O-O Na6 8.
d5 e6 9. e4 exd5 10. exd5 h6 11. Re1 Nh7 12. Bf4 g5 13. Be3 g4 14. Nd2 f5
15. Bf4 Nc7 16. Nf1 h5 17. Qc2 Rb8 18. Ng3 Qd7 19. Nxh5 Bd4 20. Re2 Qf7 21.
Bxd6 Qxh5 22. Bxc7 Ra8 23. Rae1 Ng5 24. Re7 Bf6 25. R7e2 Bd7 26. Kh1 Rf7
27. Bf4 Raf8 28. Nd1 Bd8 29. Ne3 Rh7 30. Nf1 Nf3 31. gxf3 gxf3 32. Rd2 Qg4
33. Bg3 Qh3 34. Ne3 Rf6 35. Rg1 Kf7 36. Nf1 Rg7 37. Qd1 f4 38. Be4 fxg3 39.
fxg3 Qg4 40. Qc2 Ba5 41. Rf2 Qh5 42. Qd1 Qe5 43. Qd3 Bg4 44. Ne3 Bh5 45.
Nf5 Rg5 46. Nh4 Rg4 47. Bxf3 Kg7 48. Re2 Qd6 49. Nf5+ 1-0

[Event "Politiken Cup"]
[Site "Helsingor DEN"]
[Date "2009.07.26"]
[Round "10"]
[White "Gade,J"]
[Black "Jacobsen,P2"]
[Result "1-0"]
[WhiteElo "1535"]
[BlackElo "1711"]
[EventDate "2009.07.18"]

1. f4 Nf6 2. Nf3 d6 3. e3 g6 4. Be2 Bg7 5. O-O O-O 6. Nc3 c6 7. b3 Qb6 8.
Bb2 Nbd7 9. Na4 Qc7 10. Rb1 b5 11. Nc3 Bb7 12. a3 a6 13. Qe1 c5 14. Ng5 h6
15. Nf3 Nb6 16. Qg3 Nh5 17. Qf2 Rad8 18. Nh4 Nf6 19. Bf3 d5 20. Be2 d4 21.
Na2 dxe3 22. Qxe3 Nbd5 23. Qf2 Ne4 24. Qe1 Bxb2 25. Rxb2 Nxf4 26. d3 Nxe2+
27. Qxe2 Nf6 28. Rbb1 Qd6 29. Rbe1 Rfe8 30. Kh1 Qd4 31. Qf2 Qd7 32. Nc1 Rf8
33. Re3 Ng4 34. Qf4 Nf6 35. Qxh6 Qd5 36. Rxe7 Ng4 37. Qf4 Bc8 38. h3 g5 39.
Qf3 Qd6 40. hxg4 Qxe7 41. Nf5 Bxf5 42. gxf5 f6 43. Ne2 Rf7 44. Ng3 Rd4 45.
Ne4 c4 46. Qe3 Rd8 47. bxc4 bxc4 48. dxc4 Qd6 49. Kg1 Qc7 50. c5 Kf8 51.
Nd6 Re7 52. Qd4 Kg7 53. Rd1 Re5 54. c6 Rxf5 55. Nxf5+ 1-0

[Event "Politiken Cup"]
[Site "Helsingor DEN"]
[Date "2009.07.26"]
[Round "10"]
[White "Rossen,C"]
[Black "Jonsson,L"]
[Result "0-1"]
[WhiteElo "2188"]
[BlackElo "2082"]
[EventDate "2009.07.18"]

1. e4 c5 2. Nc3 e5 3. Bc4 Be7 4. d3 Nf6 5. f4 d6 6. Nf3 Nc6 7. O-O Bg4 8.
h3 Bxf3 9. Qxf3 O-O 10. f5 Nd4 11. Qf2 h6 12. Nd5 Nh7 13. c3 Nc6 14. Nxe7+
Nxe7 15. g4 Kh8 16. h4 Ng8 17. Kg2 Qe7 18. Rh1 Rad8 19. g5 Qd7 20. Be3 b5
21. Bb3 Rc8 22. g6 fxg6 23. Be6 Qc6 24. Bxc8 Qxc8 25. Rhf1 gxf5 26. Qf3 f4
27. Bf2 g5 28. hxg5 hxg5 29. Qh3 g4 30. Qh4 Rf6 31. Rh1 Rh6 32. Qxh6 Nxh6
33. Rxh6 Kg7 34. Rah1 Nf6 35. R6h4 Qc6 36. Re1 g3 37. Bg1 c4 38. d4 Nxe4
39. Kh3 Kg6 40. dxe5 Ng5+ 41. Kg4 Qf3+ 0-1

[Event "Politiken Cup"]
[Site "Helsingor DEN"]
[Date "2009.07.26"]
[Round "10"]
[White "Stray,G"]
[Black "Eriksson,C"]
[Result "0-1"]
[WhiteElo "2076"]
[BlackElo "2181"]
[EventDate "2009.07.18"]

1. d4 Nf6 2. Nf3 e6 3. e3 b6 4. Bd3 Bb7 5. Nbd2 c5 6. O-O Be7 7. b3 cxd4 8.
exd4 O-O 9. Bb2 d5 10. Ne5 Nbd7 11. Qe2 Rc8 12. f4 g6 13. Rf3 Bb4 14. Rh3
Qe7 15. a4 Nxe5 16. fxe5 Nh5 17. Qe3 f5 18. exf6 Rxf6 19. g3 Rcf8 20. c3
Bd6 21. Re1 e5 22. c4 e4 23. cxd5 exd3 24. Qxe7 Bxe7 25. Rxe7 Bxd5 26. Re5
Rf2 27. Rxd5 Rxd2 28. Ba3 Re8 29. Kf1 Ra2 0-1

[Event "Politiken Cup"]
[Site "Helsingor DEN"]
[Date "2009.07.26"]
[Round "10"]
[White "Larsen,TorKe"]
[Black "Gandrud,V"]
[Result "1/2-1/2"]
[WhiteElo "2074"]
[BlackElo "2169"]
[EventDate "2009.07.18"]

1. e4 c5 2. Nc3 Nc6 3. f4 g6 4. Nf3 Bg7 5. Bb5 Nd4 6. O-O Nxb5 7. Nxb5 d5
8. exd5 a6 9. Nc3 Nf6 10. d4 Nxd5 11. Nxd5 Qxd5 12. dxc5 Qxc5+ 13. Kh1 O-O
14. c3 b5 15. Qe2 Be6 16. Be3 Qc7 17. Qf2 Bd5 18. a3 Qb7 19. Rad1 Rad8 20.
Kg1 Be4 1/2-1/2

[Event "Politiken Cup"]
[Site "Helsingor DEN"]
[Date "2009.07.26"]
[Round "10"]
[White "Ostlund,A"]
[Black "Nilsson,Anders1"]
[Result "1/2-1/2"]
[WhiteElo "2067"]
[BlackElo "2169"]
[EventDate "2009.07.18"]

1. e4 e6 2. Nf3 d5 3. Nc3 Nf6 4. e5 Nfd7 5. d4 c5 6. dxc5 Nc6 7. Bf4 Bxc5
8. Bd3 f6 9. exf6 Qxf6 10. Bg3 Nde5 11. Nxe5 Nxe5 12. Qh5+ Ng6 13. Bb5+ Kf7
14. O-O-O Be7 15. h4 Rd8 16. Rd3 Kg8 17. Rf3 Qd4 18. Bd3 Rf8 19. Bxg6 hxg6
20. Rxf8+ Bxf8 21. Qxg6 Bd7 22. Rd1 Qf6 23. Qh5 Be8 24. Qe5 Rc8 25. Ne2 Bg6
26. Nd4 Be7 27. c3 Kf7 28. Nf3 Kg8 29. Ng5 Qxe5 30. Bxe5 Bxg5+ 31. hxg5 Rc4
32. Rd4 Kf7 33. Kd2 Bb1 34. a3 a6 35. Rxc4 dxc4 36. Ke3 Bd3 37. Kd4 Bf1 38.
g3 Kg6 39. Kc5 Be2 40. Kb6 Bf3 41. Kc5 1/2-1/2

[Event "Politiken Cup"]
[Site "Helsingor DEN"]
[Date "2009.07.26"]
[Round "10"]
[White "Strand,H"]
[Black "Kaster,M"]
[Result "1/2-1/2"]
[WhiteElo "2062"]
[BlackElo "2154"]
[EventDate "2009.07.18"]

1. e4 d5 2. Nc3 Nf6 3. e5 d4 4. exf6 dxc3 5. fxg7 cxd2+ 6. Qxd2 Qxd2+ 7.
Bxd2 Bxg7 8. O-O-O Bf5 9. Bc4 Nd7 10. Ne2 Nb6 11. Bb3 c5 12. c3 c4 1/2-1/2

[Event "Politiken Cup"]
[Site "Helsingor DEN"]
[Date "2009.07.26"]
[Round "10"]
[White "Jiretorn,E"]
[Black "Andersen,Ru2"]
[Result "1-0"]
[WhiteElo "2150"]
[BlackElo "2026"]
[EventDate "2009.07.18"]

1. d4 d5 2. Nf3 Nf6 3. g3 c5 4. Bg2 Nc6 5. O-O Bf5 6. c3 e6 7. Nbd2 Qb6 8.
Nb3 c4 9. Nbd2 Qc7 10. b4 a6 11. Nh4 Bg4 12. h3 Bh5 13. g4 Bg6 14. Re1 Be7
15. Nxg6 hxg6 16. e4 dxe4 17. Nxe4 Nd5 18. Qf3 Rd8 19. Bd2 Bxb4 20. cxb4
Nxd4 21. Qa3 O-O 22. Rac1 b5 23. Nc5 Rd6 24. Qb2 Nc6 25. a3 Nce7 26. Qe5 f6
27. Qg3 e5 28. g5 Nf5 29. Qg4 Nd4 30. gxf6 Nxf6 31. Qxg6 Nd5 32. Qg3 Nf4
33. Bxf4 exf4 34. Qg5 f3 35. Bf1 Qf7 36. Kh1 Rg6 37. Qe5 Ne2 38. Rcd1 Kh8
39. Qh5+ Rh6 40. Qxf7 Rxf7 41. Ne4 Rf5 42. Kh2 Nf4 43. Ng3 Rf8 44. Re3 Nh5
45. Ne4 Rf5 46. Rd8+ Kh7 47. Rxf3 Rxf3 48. Ng5+ Kg6 49. Nxf3 Kf5 50. Nd4+
Ke5 51. Be2 Rf6 52. Bxh5 Rxf2+ 53. Kg3 Ra2 54. Nc6+ Ke4 55. Bg6+ Ke3 56.
Rf8 Ra1 57. Rf3+ Kd2 58. Kf2 c3 59. Rd3+ Kc2 60. Nd4+ Kb2 61. Rg3 Rf1+ 62.
Ke3 Kxa3 63. Nc2+ Kb3 64. Bd3 Rf6 65. Rxg7 Re6+ 66. Be4 Rh6 67. Rg3 Rh8 68.
Kf4 Rf8+ 69. Bf5 a5 70. bxa5 Ra8 71. h4 Rxa5 72. h5 b4 73. h6 Rxf5+ 74.
Kxf5 Kxc2 75. h7 1-0

[Event "Politiken Cup"]
[Site "Helsingor DEN"]
[Date "2009.07.26"]
[Round "10"]
[White "Porte,H"]
[Black "Bryn,T"]
[Result "1-0"]
[WhiteElo "2115"]
[BlackElo "2024"]
[EventDate "2009.07.18"]

1. d4 d5 2. c4 c6 3. Nf3 Nf6 4. Nc3 dxc4 5. a4 Bf5 6. Ne5 Nbd7 7. Nxc4 Nb6
8. Ne5 a5 9. f3 Nfd7 10. Nxd7 Nxd7 11. e4 Bg6 12. Be3 e6 13. Be2 Bb4 14.
O-O O-O 15. Qb3 Qb6 16. Bf2 Qc7 17. Rac1 Rfe8 18. Rfd1 Qb8 19. Bc4 Bd6 20.
g3 h5 21. Ne2 h4 22. e5 Bb4 23. Nf4 hxg3 24. hxg3 Nb6 25. Nxg6 Nxc4 26. Nf4
Nb6 27. Kg2 Nd5 28. Nxd5 exd5 29. Qd3 Bf8 30. Rh1 g6 31. Rh3 Bg7 32. Rch1
b5 33. Qd2 bxa4 34. Rh7 Rxe5 35. Rxg7+ Kxg7 36. dxe5 1-0

[Event "Politiken Cup"]
[Site "Helsingor DEN"]
[Date "2009.07.26"]
[Round "10"]
[White "Boje,T"]
[Black "Kragh,N"]
[Result "1/2-1/2"]
[WhiteElo "2008"]
[BlackElo "2140"]
[EventDate "2009.07.18"]

1. e4 c6 2. d4 d5 3. Nc3 dxe4 4. Nxe4 Nd7 5. Nf3 Ngf6 6. Nxf6+ Nxf6 7. Bd3
Bg4 8. c3 e6 9. h3 Bh5 10. O-O Bd6 11. Re1 Qc7 12. Be2 O-O-O 13. Ne5 Bxe5
1/2-1/2

[Event "Politiken Cup"]
[Site "Helsingor DEN"]
[Date "2009.07.26"]
[Round "10"]
[White "Vaarala,E"]
[Black "Andersson,C"]
[Result "1-0"]
[WhiteElo "1964"]
[BlackElo "2136"]
[EventDate "2009.07.18"]

1. e4 e6 2. d4 d5 3. Nc3 Nf6 4. e5 Nfd7 5. Nce2 c5 6. c3 Nc6 7. f4 f6 8.
Nf3 Be7 9. g3 O-O 10. Bg2 cxd4 11. cxd4 Bb4+ 12. Bd2 Qb6 13. Qb3 Bxd2+ 14.
Kxd2 Qa5+ 15. Qc3 Nb6 16. Qxa5 Nxa5 17. b3 Bd7 18. Rhc1 Rac8 19. h4 Nc6 20.
Nc3 fxe5 21. dxe5 a6 22. Ne2 Rce8 23. Ned4 h6 24. Nxc6 Bxc6 25. Nd4 Bd7 26.
Rc7 Bc8 27. Rac1 g5 28. hxg5 hxg5 29. Ke3 gxf4+ 30. gxf4 Rf7 31. Bf3 Kf8
32. Rxf7+ Kxf7 33. Bh5+ Ke7 34. Bxe8 Kxe8 35. a4 Kd8 36. a5 Na8 37. f5 exf5
38. e6 Nc7 39. e7+ Kxe7 40. Rxc7+ Kd8 41. Rh7 Bd7 42. Kf4 Kc8 43. Ke5 Kc7
44. Kxd5 1-0

[Event "Politiken Cup"]
[Site "Helsingor DEN"]
[Date "2009.07.26"]
[Round "10"]
[White "Johansen,St"]
[Black "Ochsner,B"]
[Result "0-1"]
[WhiteElo "1874"]
[BlackElo "2119"]
[EventDate "2009.07.18"]

1. e4 c5 2. Nf3 d6 3. d4 cxd4 4. Nxd4 Nf6 5. Nc3 a6 6. Bg5 e6 7. f4 Qb6 8.
Qd2 Qxb2 9. Rb1 Qa3 10. Be2 Nbd7 11. O-O Qc5 12. Kh1 Be7 13. f5 e5 14. Nb3
Qb4 15. Rfd1 h6 16. Bxf6 Nxf6 17. Bf3 O-O 18. Nc1 Qc4 19. Rg1 b5 20. Nb3 b4
21. Ne2 a5 22. Qe3 Bb7 23. Nd2 Qc5 24. Qb3 Rfc8 25. Rgc1 d5 26. Ng3 d4 27.
Ne2 Ba6 28. h3 Rab8 29. g4 Bxe2 30. Bxe2 Qc3 31. Qxc3 dxc3 32. Nc4 Nxe4 33.
Nxe5 Ng3+ 34. Kg2 Nxe2 35. Re1 Nf4+ 36. Kf3 Bd6 37. Rbd1 Bxe5 38. Rxe5 Nxh3
39. Rxa5 Rd8 40. Rb5 Rxb5 41. Rxd8+ Kh7 42. Ra8 Rd5 43. Rb8 Ra5 44. Rxb4
Rxa2 45. Rc4 Rxc2 46. Ke3 Ng5 47. Kd3 Rc1 48. Rf4 f6 49. Rc4 Nf3 50. Rf4
Ne1+ 51. Ke2 c2 0-1

[Event "Politiken Cup"]
[Site "Helsingor DEN"]
[Date "2009.07.26"]
[Round "10"]
[White "Christensen,Ca"]
[Black "Haarr,J"]
[Result "0-1"]
[WhiteElo "1808"]
[BlackElo "2110"]
[EventDate "2009.07.18"]

1. b3 e5 2. Bb2 Nc6 3. c4 f5 4. e3 Nf6 5. d4 Bb4+ 6. Nd2 exd4 7. exd4 Qe7+
8. Be2 Ne4 9. Ngf3 Nc3 10. Bxc3 Bxc3 11. Rc1 Bxd4 12. O-O O-O 13. Nxd4 Nxd4
14. Bd3 d6 15. Re1 Qf6 16. Nf3 Ne6 17. Qd2 Bd7 18. Bf1 Rae8 19. c5 Bc6 20.
cxd6 Bxf3 21. gxf3 Nd4 22. Qd3 Rxe1 23. Rxe1 Qxd6 24. Rd1 Rd8 25. Qc4+ Kh8
26. Kh1 c5 27. Bg2 Qe7 28. b4 cxb4 29. Bh3 Nxf3 30. Rxd8+ Qxd8 31. Bxf5 Nd2
32. Qf7 Nf3 33. Be4 Ng5 34. Qxb7 Nxe4 35. Qxe4 a5 36. Qe5 h6 37. Qf5 a4 38.
Qb5 b3 39. axb3 Qa8+ 40. Kg1 a3 41. Qe5 a2 42. Qa1 Qa3 43. Kg2 Qxb3 44. Qe5
Qb1 0-1

[Event "Politiken Cup"]
[Site "Helsingor DEN"]
[Date "2009.07.26"]
[Round "10"]
[White "Jensen,Mo"]
[Black "Mikkelsen,N"]
[Result "0-1"]
[WhiteElo "2026"]
[BlackElo "2399"]
[EventDate "2009.07.18"]

1. e4 c5 2. Na3 Nf6 3. e5 Nd5 4. c3 Nc6 5. Nf3 g6 6. Bb5 Bg7 7. Bxc6 dxc6
8. h3 O-O 9. O-O h6 10. d4 cxd4 11. Qxd4 f6 12. Qh4 g5 13. Qh5 fxe5 14. Re1
e4 15. Nd4 e5 16. Ndc2 Qf6 17. Rf1 Be6 18. Be3 Nf4 19. Bxf4 exf4 20. Nd4
Bf7 21. Qe2 Rae8 22. Nac2 h5 23. a4 c5 24. Nb5 a6 25. Nba3 g4 26. hxg4 hxg4
27. Qxg4 Re5 28. Rad1 Rg5 29. Qd7 Rxg2+ 30. Kxg2 f3+ 31. Kh1 Qh6+ 32. Kg1
Qg6+ 0-1

[Event "Politiken Cup"]
[Site "Helsingor DEN"]
[Date "2009.07.26"]
[Round "10"]
[White "Christensen,St"]
[Black "Bjorneboe,K"]
[Result "1-0"]
[WhiteElo "2283"]
[BlackElo "2041"]
[EventDate "2009.07.18"]

1. e4 c6 2. d4 d5 3. Nc3 dxe4 4. Nxe4 Bf5 5. Ng3 Bg6 6. h4 h6 7. Nf3 Nd7 8.
h5 Bh7 9. Bd3 Bxd3 10. Qxd3 Qc7 11. Bd2 Ngf6 12. O-O-O e6 13. Kb1 Bd6 14.
Ne4 Nxe4 15. Qxe4 O-O-O 16. c4 Nf6 17. Qe2 c5 18. Bc3 cxd4 19. Nxd4 a6 20.
Nb3 Kb8 21. Rc1 Rc8 22. c5 Bf4 23. g3 Nd5 24. gxf4 Nxf4 25. Qf3 e5 26. Rhd1
f5 27. Rd6 Qe7 28. Re1 Rxc5 29. Nxc5 1-0

[Event "Politiken Cup"]
[Site "Helsingor DEN"]
[Date "2009.07.26"]
[Round "10"]
[White "Kvisla,J"]
[Black "Sondergaard,T"]
[Result "1-0"]
[WhiteElo "2222"]
[BlackElo "2017"]
[EventDate "2009.07.18"]

1. d4 f5 2. e4 fxe4 3. Nc3 Nf6 4. Bg5 d6 5. f3 exf3 6. Nxf3 c6 7. Bd3 Kd7
8. Qd2 Kc7 9. O-O-O Nbd7 10. d5 Nc5 11. dxc6 bxc6 12. Bc4 a5 13. Ne5 Be6
14. Bxe6 Nxe6 15. Nf7 Qe8 16. Nxh8 Qh5 17. Be3 Ng4 18. h3 Nxe3 19. Qxe3 Nc5
20. Rhf1 g6 21. Nf7 1-0

[Event "Politiken Cup"]
[Site "Helsingor DEN"]
[Date "2009.07.26"]
[Round "10"]
[White "Sinkbaek,A"]
[Black "Nielsen,Mor"]
[Result "1/2-1/2"]
[WhiteElo "2186"]
[BlackElo "2006"]
[EventDate "2009.07.18"]

1. Nf3 Nf6 2. g3 g6 3. Bg2 Bg7 4. O-O O-O 5. d4 d6 6. Nc3 Nc6 7. e4 Bg4 8.
h3 Bxf3 9. Bxf3 e5 10. dxe5 dxe5 11. Nd5 Nd4 12. Bg5 c6 13. Nxf6+ Bxf6 14.
Bh6 Bg7 15. Bxg7 Kxg7 16. Bg2 Qb6 17. c3 Ne6 18. Qc2 a5 19. Kh2 a4 20. Rad1
a3 21. b3 Rfd8 22. h4 Qc5 23. f3 Nc7 24. Rd3 Rxd3 25. Qxd3 Ne6 26. b4 Qe7
27. Rd1 Rd8 1/2-1/2

[Event "Politiken Cup"]
[Site "Helsingor DEN"]
[Date "2009.07.26"]
[Round "10"]
[White "Hvenekilde,J"]
[Black "Svanholm,B"]
[Result "1/2-1/2"]
[WhiteElo "2179"]
[BlackElo "2001"]
[EventDate "2009.07.18"]

1. d4 Nf6 2. c4 g6 3. Nc3 Bg7 4. e4 d6 5. Be2 O-O 6. Nf3 e5 7. O-O Nc6 8.
d5 Ne7 9. Ne1 Nd7 10. Nd3 f5 11. Bd2 f4 12. a4 g5 13. a5 Nf6 14. h3 Rf7 15.
c5 Bf8 16. cxd6 cxd6 17. Ra3 Rg7 18. f3 h5 19. Nf2 Kh8 20. Nb5 Neg8 21. Rc3
Nh6 22. Qc2 Bd7 23. Rc1 g4 24. fxg4 hxg4 25. Nc7 gxh3 26. Nxh3 Rc8 27. Nf2
Nfg4 28. Bxg4 Nxg4 29. Nxg4 Bxg4 30. Ne6 Bxe6 31. dxe6 Qg5 32. Rh3+ Kg8 33.
Bc3 Qg4 34. Kh2 Be7 35. Qf2 Qxe6 36. Qf3 Qg6 37. Rh1 Kf7 38. Kg1 Rcg8 39.
R1h2 Kf8 40. Rh5 Ke8 41. Qe2 Qe6 42. R5h3 Qc8 43. Rh8 Kd7 44. Rxg8 Qxg8 45.
Rh3 Kc8 46. Be1 Bd8 47. Rd3 Bc7 48. Rc3 Kb8 49. b4 Qe8 50. Rh3 a6 51. Rh6
Qf8 52. Qh5 f3 53. g3 b6 1/2-1/2

[Event "Politiken Cup"]
[Site "Helsingor DEN"]
[Date "2009.07.26"]
[Round "10"]
[White "Hansen,ReR"]
[Black "Wahlstrom,L"]
[Result "0-1"]
[WhiteElo "1991"]
[BlackElo "2179"]
[EventDate "2009.07.18"]

1. Nf3 d5 2. d4 c5 3. dxc5 e6 4. e3 Bxc5 5. Be2 Nf6 6. O-O O-O 7. c4 Nc6 8.
cxd5 exd5 9. a3 Be6 10. b4 Bd6 11. Bb2 Rc8 12. Nbd2 a6 13. Rc1 Qe7 14. Nb3
Ng4 15. Nbd4 Nxd4 16. Qxd4 f6 17. Rfd1 Rxc1 18. Rxc1 Ne5 19. Qb6 Bg4 20.
Nd4 Bxe2 21. Nxe2 Nc4 22. Qd4 Qe5 23. Qxe5 fxe5 24. Rc2 a5 25. bxa5 Ra8 26.
e4 Nxb2 27. Rxb2 d4 28. Rb5 Bxa3 29. Rxe5 d3 30. Ng3 Rd8 31. Nf1 d2 32.
Nxd2 Rxd2 33. f3 Rb2 34. a6 bxa6 35. Ra5 Bb4 36. Rxa6 Bc5+ 37. Kf1 Rf2+ 38.
Ke1 Rxg2 39. e5 Kf7 40. f4 Rg4 41. Ra4 Be3 42. Re4 Bxf4 43. Ke2 g5 0-1

[Event "Politiken Cup"]
[Site "Helsingor DEN"]
[Date "2009.07.26"]
[Round "10"]
[White "Vanman,K"]
[Black "Hansen,Ras"]
[Result "1-0"]
[WhiteElo "2158"]
[BlackElo "2001"]
[EventDate "2009.07.18"]

1. Nf3 Nf6 2. g3 g6 3. Bg2 Bg7 4. c4 O-O 5. Nc3 d6 6. d4 Nbd7 7. O-O e5 8.
e4 exd4 9. Nxd4 a6 10. h3 Rb8 11. Be3 Re8 12. Qc2 Ne5 13. b3 c5 14. Nde2 b5
15. f4 Nc6 16. cxb5 axb5 17. Rad1 Qe7 18. e5 Nb4 19. Qc1 dxe5 20. a3 exf4
21. Bxf4 Rb6 22. axb4 cxb4 23. Nd5 Nxd5 24. Bxd5 Qxe2 25. Rfe1 Bd4+ 26. Kh1
Bb7 27. Bxb7 1-0

[Event "Politiken Cup"]
[Site "Helsingor DEN"]
[Date "2009.07.26"]
[Round "10"]
[White "Rhee,A"]
[Black "Skovgaard,T"]
[Result "0-1"]
[WhiteElo "2116"]
[BlackElo "1983"]
[EventDate "2009.07.18"]

1. c4 e5 2. Nc3 Nf6 3. d3 Bb4 4. Bd2 O-O 5. Nf3 Re8 6. Rc1 Nc6 7. h3 d5 8.
cxd5 Nxd5 9. e4 Nxc3 10. bxc3 Ba5 11. Be2 h6 12. O-O Be6 13. d4 f5 14. d5
fxe4 15. dxe6 exf3 16. Bxf3 Kh8 17. Bg4 Qd3 18. Qe1 Nd8 19. Rd1 Qc4 20. f4
Nxe6 21. fxe5 Rf8 22. Qh4 Bb6+ 23. Kh2 Rxf1 0-1

[Event "Politiken Cup"]
[Site "Helsingor DEN"]
[Date "2009.07.26"]
[Round "10"]
[White "Andersen,L2 DEN"]
[Black "Skjoldager,F"]
[Result "1-0"]
[WhiteElo "2113"]
[BlackElo "1997"]
[EventDate "2009.07.18"]

1. Nf3 d5 2. d4 c6 3. c4 Nf6 4. Qc2 dxc4 5. e4 e6 6. Bxc4 Be7 7. O-O O-O 8.
Nc3 Nbd7 9. Bg5 h6 10. Bh4 Nh5 11. Bxe7 Qxe7 12. Rad1 Nb6 13. Bb3 Rd8 14.
e5 Nf4 15. Ne4 Bd7 16. Nc5 Be8 17. Qe4 Nbd5 18. g3 Ng6 19. Rc1 Rac8 20. Nd3
Rc7 21. Rc2 Rcd7 22. Nc5 Rc7 23. Rfc1 Rcc8 24. a3 Rc7 25. Ba2 a6 26. b4 Kh8
27. Re2 Kg8 28. Bb1 Nf8 29. Bd3 g6 30. h4 Kg7 31. Qg4 Nh7 32. h5 g5 33. Nh4
Bd7 34. Qe4 Nf8 35. Ng2 Bc8 36. Ne3 Re8 37. Ng4 Qd8 38. Nb3 f5 39. exf6+
Nxf6 40. Nxf6 Qxf6 41. d5 Rf7 42. dxc6 bxc6 43. Nc5 e5 44. Nxa6 Qf3 45.
Qxf3 Rxf3 46. Nc5 Bg4 47. Ra2 Ne6 48. Nxe6+ Bxe6 49. Bc4 Bxc4 50. Rxc4 Ra8
51. a4 Rb3 52. a5 Ra6 53. Rd2 c5 54. bxc5 Rxa5 55. c6 Rbb5 56. c7 1-0

[Event "Politiken Cup"]
[Site "Helsingor DEN"]
[Date "2009.07.26"]
[Round "10"]
[White "Peschardt,S"]
[Black "Pedersen,TR"]
[Result "0-1"]
[WhiteElo "2102"]
[BlackElo "1987"]
[EventDate "2009.07.18"]

1. d4 Nf6 2. g3 c5 3. d5 e6 4. c4 exd5 5. cxd5 d6 6. Bg2 g6 7. Nc3 Bg7 8.
e4 O-O 9. Nf3 Bg4 10. h3 Bxf3 11. Qxf3 Re8 12. O-O b5 13. Nxb5 Nxe4 14. Qd3
a6 15. Na3 Nf6 16. Nc4 Qc7 17. Bf4 Bf8 18. Bd2 Nbd7 19. Ba5 Qb7 20. Bc3
Rab8 21. f4 Qc7 22. g4 Qd8 23. Rae1 Rxe1 24. Rxe1 h6 25. Qg3 Ne8 26. h4 Bg7
27. h5 Bxc3 28. bxc3 g5 29. fxg5 Qxg5 30. Nxd6 Nxd6 31. Qxd6 Qxg4 32. Qxh6
Ne5 33. Qe3 Rb2 34. Qe4 Rxg2+ 35. Qxg2 Nf3+ 36. Kf2 Qxg2+ 37. Kxg2 Nxe1+
38. Kg3 Nd3 39. d6 Ne5 40. Kf4 Nd7 41. Ke4 Kg7 42. Kd5 Kh6 43. Kc6 Nf8 44.
Kxc5 f5 45. Kd5 Kxh5 46. c4 f4 47. c5 f3 48. c6 f2 49. c7 f1=Q 50. c8=Q
Qf3+ 51. Kd4 Qf2+ 52. Kc3 Qf6+ 53. Kc4 Qf1+ 54. Kd5 Qf3+ 55. Kd4 Qf2+ 56.
Kc3 Qe3+ 57. Kb4 Qb6+ 58. Kc4 Qb5+ 59. Kc3 Nd7 60. Qc4 Qa5+ 61. Kc2 Ne5 62.
Qe6 Qc5+ 63. Kb3 Qe3+ 64. Ka4 Qe4+ 65. Kb3 Qd3+ 66. Kb4 Nc6+ 67. Ka4 Qb5+
68. Ka3 Qb4+ 0-1